Guessing the Taylor Swift Song 17 - Statistics

General Stats
  • This quiz has been taken 32 times
  • The average score is 219 of 329
Answer Stats
Answer % Correct
a
100%
I
100%
you
100%
You
100%
be
96%
it
96%
It
96%
me
96%
the
96%
to
96%
To
96%
(To
96%
an
93%
And
93%
in
93%
In
93%
is
93%
Is
93%
(Is
93%
my
93%
That
93%
that
93%
we
93%
of
89%
on
89%
On
89%
so
89%
when
89%
all
85%
(All
85%
I'm
85%
(I'm
85%
there
85%
this
85%
This
85%
where
85%
been
78%
for
78%
go
78%
had
78%
(If
78%
not
78%
was
78%
can
74%
(Can
74%
Can't
74%
(Can't
74%
one
74%
think
74%
were
74%
what
74%
but
70%
I've
70%
just
70%
could
67%
now)
67%
out
67%
would
67%
down
63%
get
63%
will
63%
days
59%
days)
59%
thought
59%
couldn't
56%
we'll
56%
wouldn't
56%
does
52%
Evermore
52%
(Evermore)
52%
light
52%
Oh,
52%
Put
52%
went
52%
bad
48%
lost
48%
moment
48%
things
48%
very
48%
Gray
44%
Hey
44%
July
44%
November
44%
pain
44%
remember
44%
since
44%
breath
41%
catching
41%
Catching
41%
each
41%
feeling
41%
Or
41%
(Or
41%
step
41%
sure
41%
Trying
41%
used
41%
wrong
41%
again
37%
again)
37%
cross?
37%
cross?)
37%
crossed
37%
December
37%
fight
37%
find
37%
footsteps
37%
pause
37%
pause)
37%
Sending
37%
stepping
37%
Under
37%
death
33%
double
33%
dreamed
33%
fire
33%
open
33%
real
33%
signals
33%
swear
33%
through
33%
window
33%
winter
33%
addressed
30%
being
30%
capture
30%
cost
30%
cost)
30%
Guess
30%
letters
30%
Motion
30%
peculiar
30%
stone
30%
waves,
30%
Writing
30%
cabin
26%
frost
26%
frost)
26%
replay
26%
Staring
26%
tall
26%
violence
26%
wildest
26%
certain
22%
cracks
22%
creaking
22%
dog
22%
line
22%
tossed
22%
tossed)
22%
weather
22%
Whether
22%
(Whether
22%
Barefoot
19%
costs)
19%
Floors
19%
rewind
19%
shipwrecked
19%
unmoored
19%
tape
15%
enough
11%
No matching quizzes found
Score Distribution
Percent of People with Each Score
Percentile by Number Answered
Your Score History
You have not taken this quiz